Abortion Surveillance Report

محفوظ في:

التنسيق: دورية

اللغة: Undetermined

منشور في: JSTOR
Centers for Disease Control & Prevention (CDC)

الموضوعات:

الوصول للمادة أونلاين: Login to view Source

الوسوم: إضافة وسم

لا توجد وسوم, كن أول من يضع وسما على هذه التسجيلة!

رقم الطلب:

LEADER 00565nas a2200181Ia 4500
008 220214c99999999xx |||||||||||| ||und||
022 |a 0300-6972 
022 |a 2641-2160 
245 0 0 |a Abortion Surveillance Report 
264 1 |b JSTOR 
264 1 |b Centers for Disease Control & Prevention (CDC) 
362 0 |a (1970)-(1971) 
653 1 0 |a Medicine & Allied Health 
653 1 0 |a Public Health 
856 4 0 |u https://www.jstor.org/journal/aborsurvrepo 
942 |c JL 
952 |0 0  |1 0  |4 0  |7 1  |9 33619  |a JSR  |b JSR  |d 2022-02-14  |l 0  |r 2022-02-14 00:00:00  |w 2022-02-14  |y JL 
999 |c 41953  |d 41953